zpět

Detail výsledku týmu

The Pub Praha 2 ST, Praha

Datum a čas kvízu

35 Celkem bodů Celkový počet nahraných bodů na tomto kvízu bez doplňovacích otázek.
9. Pořadí na kvízu Konečné umístění týmu na tomto kvízu.

Zaznamenané odpovědi

# Otázka Odpověď Body Výsledky
1. Společnost Czech News Center,... Oldřich Kaiser 1
2. Larry, kocour s oficiální hodn... C) lišku 1
3. Partner Hospodského kvízu, poř... Belladonna 0
4. Elon Musk nepřestává udivovat... parfém 1
5. Středeční vyřazení Viktorie Pl... Berlín 1
6. Lebka člověka se skládá z 22 k... kost spánková 1
7. Jak se jmenuje v Los Angeles n... Shia LaBeouf 1
8. Na fotografii vidíte lebku: A)... C) člověka vzpřímeného 1
9. Jak se nazývá firma, která vyr... Skullcandy 1
10. Která hudební skupina stojí za... Vypsaná Fixa 1